Normal view
MARC view
- NC Umer Sarfaraz PC Hamza Imtiaz NC Abdullah Rizwan GC Khubaib Ahmed
Entry Personal Name
001 - CONTROL NUMBER
- control field: 103567
003 - CONTROL NUMBER IDENTIFIER
- control field: NUST
005 - DATE AND TIME OF LATEST TRANSACTION
- control field: 20221125095629.0
008 - FIXED-LENGTH DATA ELEMENTS
- fixed length control field: 221125|| aca||aabn | a|a d
040 ## - CATALOGING SOURCE
- Original cataloging agency: NUST
- Transcribing agency: NUST
100 ## - HEADING--PERSONAL NAME
- Personal name: NC Umer Sarfaraz PC Hamza Imtiaz NC Abdullah Rizwan GC Khubaib Ahmed
670 ## - SOURCE DATA FOUND
- Source citation: Work cat.: (NUST): NC Umer Sarfaraz PC Hamza Imtiaz NC Abdullah Rizwan GC Khubaib Ahmed , PR-SOF-2186-Detection of Defects In Fabric, 2022
